Which?

Salvato in:
Dettagli Bibliografici
Natura: Periodico
Lingua:inglese
Pubblicazione: London Consumers Association
Tags: Aggiungi Tag
Nessun Tag, puoi essere il primo ad aggiungerne!!

MARC

LEADER 00000nas1a22000001 4500
001 s120926
005 20041019155347.0
041 0 |a eng 
044 |a GB 
245 1 0 |a Which? 
264 1 |a London  |b Consumers Association